000 00572nam a22001931a 4500
001 3677
003 OSt
005 20260204211859.0
008 051227s2003||||sp ||||||b||||||||||spa||
020 _a8497322142
050 _a658.4 G8v
082 _a658.4 G8v
100 _aOrtíz, Sergio R.
245 _aVisión y gestión empresarial: Cómo articular las estrategias y el capital humano para triunfar en la economía del conocimiento / Sergio R. Ortíz
264 _aEspaña : Thomson
300 _a189p
650 _a1.Administración GerencialÌ
942 _2ddc
_cBK
999 _c3677
_d3677